Every Invincible Character - Statistics

General Stats
  • This quiz has been taken 9 times
  • The average score is 36 of 76
Answer Stats
Answer % Correct
Debbie Grayson
100%
Invincible
100%
Omni-Man
100%
Rex-Splode
100%
Allen the Alien
86%
Atom Eve
86%
Battle Beast
86%
Conquest
86%
Dupli-Kate
86%
The Immortal
86%
Anissa
71%
Cecil Stedman
71%
Green Ghost
71%
Kregg
71%
Mauler Twins
71%
Red Rush
71%
Robot
71%
Tech Jacket
71%
Thragg
71%
Titan
71%
Amber Bennett
57%
Aquarus
57%
Black Samson
57%
Bulletproof
57%
Darkwing
57%
Donald Ferguson
57%
Kid Omni-Man
57%
Lucan
57%
Machine Head
57%
Martian Man
57%
Mister Liu
57%
Monster Girl
57%
Multi-Paul
57%
Shapesmith
57%
Space Racer
57%
Thaedus
57%
War Woman
57%
William Clockwell
57%
Andressa
43%
Argall
43%
Brit
43%
Iguana
43%
King Lizard
43%
Komodo Dragon
43%
Rick Sheridan
43%
Thula
43%
Damien Darkblood
29%
Darkwing II
29%
D.A. Sinclair
29%
Furnace
29%
Great Wall
29%
Isotope
29%
Ka-Hor
29%
Killcannon
29%
Kursk
29%
Magmaniac
29%
Powerplex
29%
Salamander
29%
Satan
29%
Shrinking Rae
29%
Telia
29%
The Elephant
29%
Universa
29%
Volcanikka
29%
Adam Wilkins
14%
Angstrom Levy
14%
Art Rosenbaum
14%
Doc Seismic
14%
Domina Darkblood
14%
Fightmaster
14%
Magnattack
14%
Tether Tyrant
14%
Betsy Wilkins
0%
Captain Pickell
0%
Dropkick
0%
Rus Livingston
0%
No matching quizzes found
Score Distribution
Percent of People with Each Score
Percentile by Number Answered
Your Score History
You have not taken this quiz